Normal view
MARC view
- Hamdani, Qaseem Sajjad
Entry Personal Name
001 - CONTROL NUMBER
- control field: 123130
003 - CONTROL NUMBER IDENTIFIER
- control field: NUST
005 - DATE AND TIME OF LATEST TRANSACTION
- control field: 20240531113914.0
008 - FIXED-LENGTH DATA ELEMENTS
- fixed length control field: 240531|| aca||aabn | a|a d
040 ## - CATALOGING SOURCE
- Original cataloging agency: NUST
- Transcribing agency: NUST
100 ## - HEADING--PERSONAL NAME
- Personal name: Hamdani, Qaseem Sajjad
670 ## - SOURCE DATA FOUND
- Source citation: Work cat.: (NUST): Hamdani, Qaseem Sajjad , Intramuscular Electromyographic Signal Denoising using Variational Mode Decomposition /
